[Event "WYCC Open U14"]
[Site "Porto Carras"]
[Date "2015.10.29"]
[Round "5.7"]
[White "Nguyen, Thai Dai Van"]
[Black "Guerra Rivera, Salvador"]
[Result "1/2-1/2"]
[BlackElo "2189"]
[WhiteElo "2409"]
[LiveChessVersion "1.4.6"]

1. e4 {[%clk 1:30:52]} c5 {[%clk 1:30:46]} 2. Nf3 {[%clk 1:31:15]} Nc6
{[%clk 1:31:04]} 3. d4 {[%clk 1:31:39]} cxd4 {[%clk 1:31:09]} 4. Nxd4
{[%clk 1:32:01]} g6 {[%clk 1:31:25]} 5. c4 {[%clk 1:32:24]} Nf6 {[%clk 1:31:32]}
6. Nc3 {[%clk 1:32:45]} d6 {[%clk 1:31:53]} 7. Be2 {[%clk 1:32:17]} Nxd4
{[%clk 1:32:07]} 8. Qxd4 {[%clk 1:32:41]} Bg7 {[%clk 1:32:29]} 9. Be3
{[%clk 1:33:02]} O-O {[%clk 1:32:42]} 10. Qd2 {[%clk 1:33:07]} a5
{[%clk 1:32:51]} 11. O-O {[%clk 1:31:32]} a4 {[%clk 1:33:08]} 12. f3
{[%clk 1:28:41]} Qa5 {[%clk 1:32:45]} 13. Rab1 {[%clk 1:23:53]} Be6
{[%clk 1:32:51]} 14. Rfd1 {[%clk 1:08:59]} Rfc8 {[%clk 1:29:00]} 15. b3
{[%clk 1:00:01]} axb3 {[%clk 1:29:10]} 16. axb3 {[%clk 1:00:26]} Qb4
{[%clk 1:29:29]} 17. Na4 {[%clk 0:55:15]} Qxd2 {[%clk 1:29:03]} 18. Rxd2
{[%clk 0:55:34]} Nd7 {[%clk 1:29:21]} 19. f4 {[%clk 0:50:40]} b6 {[%clk 1:12:11]}
20. Nxb6 {[%clk 0:38:47]} Nxb6 {[%clk 1:12:33]} 21. Bxb6 {[%clk 0:39:11]} Rab8
{[%clk 1:12:55]} 22. Ba7 {[%clk 0:37:57]} Rb7 {[%clk 1:12:50]} 23. Be3
{[%clk 0:36:34]} Rcb8 {[%clk 0:54:32]} 24. Kf2 {[%clk 0:24:38]} f5
{[%clk 0:36:44]} 25. c5 {[%clk 0:22:29]} dxc5 {[%clk 0:35:00]} 26. exf5
{[%clk 0:22:15]} gxf5 {[%clk 0:33:18]} 27. Bxc5 {[%clk 0:21:53]} Rc7
{[%clk 0:33:38]} 28. Be3 {[%clk 0:19:18]} Bc3 {[%clk 0:33:35]} 29. Ra2
{[%clk 0:14:45]} Bf6 {[%clk 0:28:41]} 30. Ra5 {[%clk 0:11:31]} Rc2
{[%clk 0:27:16]} 31. Rc5 {[%clk 0:04:47]} Rxc5 {[%clk 0:26:36]} 32. Bxc5
{[%clk 0:05:12]} Rxb3 {[%clk 0:26:20]} 33. Rxb3 {[%clk 0:04:19]} Bxb3
{[%clk 0:26:44]} 34. h3 {[%clk 0:03:55]} e5 {[%clk 0:18:46]} 35. Ke3
{[%clk 0:04:08]} Kg7 {[%clk 0:18:45]} 36. Bd3 {[%clk 0:02:13]} Bd5
{[%clk 0:15:15]} 37. g3 {[%clk 0:01:56]} exf4+ {[%clk 0:13:36]} 38. Kxf4
{[%clk 0:02:14]} Be4 {[%clk 0:14:01]} 39. Bxe4 {[%clk 0:02:37]} fxe4
{[%clk 0:14:26]} 40. Kxe4 {[%clk 0:33:02]} Kg6 {[%clk 0:44:44]} 41. Bd4
{[%clk 0:32:16]} Bd8 {[%clk 0:44:51]} 42. Kf4 {[%clk 0:32:12]} h5
{[%clk 0:45:01]} 43. h4 {[%clk 0:31:47]} Bc7+ {[%clk 0:45:18]} 44. Be5
{[%clk 0:32:13]} Ba5 {[%clk 0:45:42]} 45. g4 {[%clk 0:32:32]} Be1
{[%clk 0:45:43]} 46. gxh5+ {[%clk 0:32:57]} Kxh5 {[%clk 0:46:09]} 47. Bf6
{[%clk 0:33:23]} Bxh4 {[%clk 0:46:33]} 48. Bxh4 {[%clk 0:33:50]} Kxh4
{[%clk 0:46:56]} 1/2-1/2

[Event "WYCC Open U14"]
[Site "Porto Carras"]
[Date "2015.10.29"]
[Round "5.8"]
[White "Erenberg, Ariel"]
[Black "Tryggestad, Andreas Garberg"]
[Result "1-0"]
[BlackElo "2157"]
[WhiteElo "2366"]
[LiveChessVersion "1.4.6"]

1. d4 {[%clk 1:30:55]} Nf6 {[%clk 1:30:56]} 2. c4 {[%clk 1:31:17]} g6
{[%clk 1:31:21]} 3. Nc3 {[%clk 1:31:35]} d5 {[%clk 1:31:46]} 4. Bf4
{[%clk 1:31:57]} Bg7 {[%clk 1:31:00]} 5. e3 {[%clk 1:32:16]} c5 {[%clk 1:25:53]}
6. dxc5 {[%clk 1:32:21]} Qa5 {[%clk 1:25:58]} 7. Rc1 {[%clk 1:31:40]} dxc4
{[%clk 1:25:54]} 8. Bxc4 {[%clk 1:31:21]} Qxc5 {[%clk 1:23:56]} 9. Nb5
{[%clk 1:30:02]} Qb4+ {[%clk 1:21:30]} 10. Kf1 {[%clk 1:30:31]} O-O
{[%clk 0:52:22]} 11. a3 {[%clk 1:22:49]} Qa5 {[%clk 0:52:05]} 12. b4
{[%clk 1:21:43]} Qa6 {[%clk 0:50:44]} 13. Nc7 {[%clk 1:20:59]} Qxa3
{[%clk 0:51:01]} 14. Nxa8 {[%clk 1:20:51]} Nc6 {[%clk 0:51:24]} 15. Ne2
{[%clk 1:19:05]} e5 {[%clk 0:48:34]} 16. Bg3 {[%clk 1:00:49]} Qxb4
{[%clk 0:44:23]} 17. Nc7 {[%clk 1:00:16]} a5 {[%clk 0:41:06]} 18. Bh4
{[%clk 0:55:58]} Ne4 {[%clk 0:40:30]} 19. Nd5 {[%clk 0:55:27]} Qd2
{[%clk 0:40:14]} 20. f3 {[%clk 0:52:13]} Qxd1+ {[%clk 0:39:17]} 21. Rxd1
{[%clk 0:52:42]} Nd6 {[%clk 0:39:37]} 22. Ba2 {[%clk 0:52:53]} Nf5
{[%clk 0:39:51]} 23. Bf2 {[%clk 0:51:54]} b5 {[%clk 0:40:02]} 24. g4
{[%clk 0:51:38]} Nfe7 {[%clk 0:40:25]} 25. Nxe7+ {[%clk 0:48:59]} Nxe7
{[%clk 0:40:52]} 26. e4 {[%clk 0:48:45]} b4 {[%clk 0:40:51]} 27. Bc5
{[%clk 0:48:14]} Bf6 {[%clk 0:41:13]} 28. h4 {[%clk 0:48:11]} Re8
{[%clk 0:41:15]} 29. g5 {[%clk 0:48:34]} 1-0

[Event "WYCC Open U14"]
[Site "Porto Carras"]
[Date "2015.10.29"]
[Round "5.9"]
[White "Ivannikau, Maksim"]
[Black "Sargsyan, Shant"]
[Result "1/2-1/2"]
[BlackElo "2357"]
[WhiteElo "2176"]
[LiveChessVersion "1.4.6"]

1. Nf3 {[%clk 1:30:56]} Nf6 {[%clk 1:30:47]} 2. c4 {[%clk 1:31:00]} e6
{[%clk 1:30:48]} 3. b3 {[%clk 1:30:14]} b6 {[%clk 1:30:09]} 4. g3
{[%clk 1:30:10]} Bb7 {[%clk 1:29:53]} 5. Bg2 {[%clk 1:30:25]} c5 {[%clk 1:29:05]}
6. Bb2 {[%clk 1:30:07]} Be7 {[%clk 1:28:39]} 7. O-O {[%clk 1:30:03]} O-O
{[%clk 1:28:23]} 8. Nc3 {[%clk 1:29:14]} d6 {[%clk 1:25:25]} 9. e3
{[%clk 1:29:10]} Nbd7 {[%clk 1:23:51]} 10. d4 {[%clk 1:29:00]} cxd4
{[%clk 1:19:47]} 11. Nxd4 {[%clk 1:28:58]} Bxg2 {[%clk 1:17:57]} 12. Kxg2
{[%clk 1:29:18]} Qc8 {[%clk 1:15:10]} 13. f4 {[%clk 1:29:03]} Qb7+
{[%clk 1:06:01]} 14. Qf3 {[%clk 1:29:08]} Qxf3+ {[%clk 1:05:35]} 15. Kxf3
{[%clk 1:29:22]} Rfc8 {[%clk 1:03:53]} 16. g4 {[%clk 1:23:53]} Nb8
{[%clk 0:55:07]} 17. g5 {[%clk 1:20:27]} Nfd7 {[%clk 0:55:00]} 18. Rad1
{[%clk 1:10:29]} a6 {[%clk 0:53:24]} 19. Ne4 {[%clk 0:35:42]} Nc5
{[%clk 0:50:55]} 20. Nxc5 {[%clk 0:35:22]} bxc5 {[%clk 0:46:11]} 21. Ne2
{[%clk 0:35:39]} Nd7 {[%clk 0:40:33]} 22. Nc3 {[%clk 0:34:39]} Nb6
{[%clk 0:37:13]} 23. Rd2 {[%clk 0:34:48]} Ra7 {[%clk 0:30:08]} 24. Rfd1
{[%clk 0:35:03]} Rd7 {[%clk 0:29:03]} 25. h4 {[%clk 0:34:53]} Rcd8
{[%clk 0:26:36]} 26. e4 {[%clk 0:33:28]} f6 {[%clk 0:23:01]} 27. Kg4
{[%clk 0:26:03]} Kf7 {[%clk 0:18:49]} 28. f5 {[%clk 0:22:20]} e5 {[%clk 0:15:06]}
29. Ba3 {[%clk 0:18:31]} 1/2-1/2

[Event "WYCC Open U14"]
[Site "Porto Carras"]
[Date "2015.10.29"]
[Round "5.10"]
[White "Drori, Saar"]
[Black "Gaifullin, Artur"]
[Result "1-0"]
[BlackElo "2328"]
[WhiteElo "2156"]
[LiveChessVersion "1.4.6"]

1. d4 {[%clk 1:30:41]} Nf6 {[%clk 1:30:56]} 2. c4 {[%clk 1:31:06]} e6
{[%clk 1:31:22]} 3. Nf3 {[%clk 1:31:33]} Bb4+ {[%clk 1:31:48]} 4. Bd2
{[%clk 1:31:59]} Qe7 {[%clk 1:32:13]} 5. g3 {[%clk 1:32:16]} Nc6 {[%clk 1:32:38]}
6. Nc3 {[%clk 1:32:34]} O-O {[%clk 1:31:00]} 7. Bg2 {[%clk 1:29:49]} Na5
{[%clk 1:31:24]} 8. b3 {[%clk 1:29:37]} b6 {[%clk 1:31:44]} 9. O-O
{[%clk 1:27:05]} Bb7 {[%clk 1:31:34]} 10. Qc2 {[%clk 1:26:39]} Rac8
{[%clk 1:26:04]} 11. a3 {[%clk 1:22:45]} Bxc3 {[%clk 1:25:11]} 12. Bxc3
{[%clk 1:22:30]} Be4 {[%clk 1:25:26]} 13. Qa2 {[%clk 1:18:00]} Nb7
{[%clk 1:25:33]} 14. b4 {[%clk 1:16:01]} c5 {[%clk 1:17:55]} 15. Rac1
{[%clk 1:02:54]} Rfd8 {[%clk 1:08:31]} 16. Rfd1 {[%clk 0:51:06]} h6
{[%clk 0:53:09]} 17. h3 {[%clk 0:46:28]} d6 {[%clk 0:38:09]} 18. Kh2
{[%clk 0:40:56]} Rd7 {[%clk 0:37:07]} 19. Ba1 {[%clk 0:33:56]} cxb4
{[%clk 0:31:39]} 20. axb4 {[%clk 0:34:19]} Rdc7 {[%clk 0:32:05]} 21. Bb2
{[%clk 0:30:16]} a5 {[%clk 0:29:51]} 22. Ba3 {[%clk 0:23:40]} axb4
{[%clk 0:28:05]} 23. Bxb4 {[%clk 0:23:26]} Qe8 {[%clk 0:28:30]} 24. Qa3
{[%clk 0:16:38]} Ra8 {[%clk 0:17:14]} 25. Qb2 {[%clk 0:15:48]} Ra4
{[%clk 0:16:04]} 26. Be1 {[%clk 0:09:11]} Nd7 {[%clk 0:14:08]} 27. Qb3
{[%clk 0:06:46]} Qa8 {[%clk 0:14:22]} 28. Qe3 {[%clk 0:07:00]} Nf6
{[%clk 0:14:43]} 29. Qb3 {[%clk 0:07:02]} Nd7 {[%clk 0:09:07]} 30. Qe3
{[%clk 0:07:12]} Nf6 {[%clk 0:07:42]} 31. Qb3 {[%clk 0:06:23]} Qa6
{[%clk 0:09:57]} 32. Bb4 {[%clk 0:06:11]} Qa8 {[%clk 0:07:41]} 33. Be1 Ra6
{[%clk 0:07:14]} 34. Qb5 {[%clk 0:03:15]} Nd8 {[%clk 0:05:47]} 35. Bc3
{[%clk 0:03:01]} Rca7 {[%clk 0:03:45]} 36. d5 {[%clk 0:02:49]} e5
{[%clk 0:03:59]} 37. Bb4 {[%clk 0:02:24]} Nb7 {[%clk 0:03:21]} 38. Qc6
{[%clk 0:02:07]} Qd8 {[%clk 0:03:37]} 39. Qb5 {[%clk 0:02:01]} Nc5
{[%clk 0:03:05]} 40. Bc3 {[%clk 0:30:48]} Qa8 {[%clk 0:32:48]} 41. Nd2
{[%clk 0:25:36]} Bf5 {[%clk 0:32:57]} 42. f4 {[%clk 0:21:22]} exf4
{[%clk 0:19:50]} 43. gxf4 {[%clk 0:20:07]} Nfe4 {[%clk 0:18:04]} 44. Nxe4
{[%clk 0:16:28]} Nxe4 {[%clk 0:17:11]} 45. Bd4 {[%clk 0:14:05]} Qd8
{[%clk 0:16:57]} 46. Rg1 {[%clk 0:12:34]} g6 {[%clk 0:17:14]} 47. Bxe4
{[%clk 0:12:30]} Bxe4 {[%clk 0:11:56]} 48. Ra1 {[%clk 0:06:59]} Ra2
{[%clk 0:12:05]} 49. Rxa2 {[%clk 0:06:14]} Rxa2 {[%clk 0:07:40]} 50. Bb2
{[%clk 0:05:46]} Kh7 51. Rg3 Ra8 {[%clk 0:01:57]} 52. Qb3 {[%clk 0:05:53]} Qe7
{[%clk 0:01:38]} 53. Qxb6 {[%clk 0:04:36]} Bf5 {[%clk 0:01:20]} 54. Qd4
{[%clk 0:04:45]} Rg8 {[%clk 0:01:45]} 55. Qe3 {[%clk 0:03:32]} Qh4 56. Qd4
{[%clk 0:03:39]} Qe7 {[%clk 0:01:56]} 57. Qe3 {[%clk 0:04:05]} Qh4
{[%clk 0:02:23]} 58. Qa7 {[%clk 0:03:14]} Rf8 {[%clk 0:02:35]} 59. Qd4
{[%clk 0:03:17]} Rg8 {[%clk 0:03:04]} 60. e4 {[%clk 0:02:51]} Bd7
{[%clk 0:02:33]} 61. Qf6 {[%clk 0:02:58]} Qxf6 {[%clk 0:02:32]} 62. Bxf6
{[%clk 0:03:44]} Rc8 {[%clk 0:01:47]} 63. Rc3 g5 {[%clk 0:02:16]} 64. fxg5
{[%clk 0:03:29]} Kg6 65. Be7 {[%clk 0:03:34]} Re8 {[%clk 0:02:08]} 66. Bxd6
{[%clk 0:03:52]} Rxe4 {[%clk 0:03:07]} 67. gxh6 {[%clk 0:03:50]} Kxh6
{[%clk 0:02:53]} 68. c5 Rd4 69. c6 {[%clk 0:04:12]} Bc8 {[%clk 0:02:37]} 70. Bf8+
{[%clk 0:04:37]} Kh7 {[%clk 0:03:02]} 71. d6 {[%clk 0:04:58]} Kg8 72. Be7
{[%clk 0:05:13]} 1-0

[Event "WYCC Open U14"]
[Site "Porto Carras"]
[Date "2015.10.29"]
[Round "5.11"]
[White "Beukema, Jasper"]
[Black "Zarubitski, Viachaslau"]
[Result "0-1"]
[BlackElo "2310"]
[WhiteElo "2154"]
[LiveChessVersion "1.4.6"]

1. e4 {[%clk 1:30:57]} c5 {[%clk 1:30:58]} 2. d3 {[%clk 1:31:23]} Nc6
{[%clk 1:30:41]} 3. f4 {[%clk 1:31:19]} g6 {[%clk 1:30:50]} 4. Nf3
{[%clk 1:31:16]} Bg7 {[%clk 1:31:14]} 5. Be2 {[%clk 1:31:15]} e6 {[%clk 1:31:13]}
6. O-O {[%clk 1:31:24]} Nge7 {[%clk 1:31:36]} 7. Qe1 {[%clk 1:31:05]} O-O
{[%clk 1:30:06]} 8. Kh1 {[%clk 1:31:16]} d6 {[%clk 1:29:17]} 9. Bd1
{[%clk 1:30:31]} b5 {[%clk 1:29:11]} 10. Qh4 {[%clk 1:29:17]} Nd4
{[%clk 1:21:41]} 11. Nxd4 {[%clk 1:26:58]} cxd4 {[%clk 1:21:23]} 12. Nd2
{[%clk 1:27:12]} Nc6 {[%clk 1:20:52]} 13. Qh3 {[%clk 1:26:29]} d5
{[%clk 1:14:55]} 14. exd5 {[%clk 1:24:19]} Nb4 {[%clk 1:15:05]} 15. dxe6
{[%clk 1:23:09]} Bxe6 {[%clk 1:15:24]} 16. Qg3 {[%clk 1:22:41]} Rc8
{[%clk 1:13:46]} 17. Ne4 {[%clk 1:21:58]} f5 {[%clk 1:09:36]} 18. Ng5
{[%clk 1:20:09]} Bd5 {[%clk 1:09:53]} 19. Qf2 {[%clk 1:17:32]} h6
{[%clk 0:52:34]} 20. Nf3 {[%clk 1:16:16]} Bxf3 {[%clk 0:51:03]} 21. gxf3
{[%clk 1:15:08]} Re8 {[%clk 0:50:06]} 22. a3 {[%clk 1:10:13]} Nd5
{[%clk 0:49:50]} 23. Re1 {[%clk 1:07:45]} Qd6 {[%clk 0:47:00]} 24. Rg1
{[%clk 1:06:05]} Kh7 {[%clk 0:46:03]} 25. a4 {[%clk 1:05:07]} b4 {[%clk 0:45:36]}
26. Bd2 {[%clk 1:03:07]} a5 {[%clk 0:45:53]} 27. Rc1 {[%clk 1:02:50]} Qc6
{[%clk 0:44:14]} 28. h4 {[%clk 1:00:21]} h5 {[%clk 0:42:55]} 29. Kh2
{[%clk 0:59:44]} Re6 {[%clk 0:42:50]} 30. Kh1 {[%clk 0:59:47]} Rce8
{[%clk 0:43:07]} 31. c3 {[%clk 0:59:48]} dxc3 {[%clk 0:42:43]} 32. bxc3
{[%clk 1:00:03]} bxc3 {[%clk 0:42:54]} 33. Be1 {[%clk 0:59:03]} Nxf4
{[%clk 0:40:29]} 34. Qg3 {[%clk 0:56:37]} Nxd3 {[%clk 0:40:39]} 35. Bc2
{[%clk 0:56:38]} Nxc1 {[%clk 0:39:30]} 36. Bxf5 {[%clk 0:56:47]} Ne2
{[%clk 0:39:43]} 0-1

[Event "WYCC Open U14"]
[Site "Porto Carras"]
[Date "2015.10.29"]
[Round "5.12"]
[White "Fakhrutdinov, Timur"]
[Black "Mirzoyan, David"]
[Result "1-0"]
[BlackElo "2136"]
[WhiteElo "2305"]
[LiveChessVersion "1.4.6"]

1. e4 {[%clk 1:30:57]} e6 {[%clk 1:30:57]} 2. d4 {[%clk 1:31:23]} d5
{[%clk 1:31:24]} 3. Nc3 {[%clk 1:31:48]} dxe4 {[%clk 1:31:49]} 4. Nxe4
{[%clk 1:32:07]} Nd7 {[%clk 1:32:15]} 5. Nf3 {[%clk 1:30:55]} Be7
{[%clk 1:32:38]} 6. Bd3 {[%clk 1:23:41]} Ngf6 {[%clk 1:32:51]} 7. Qe2
{[%clk 1:13:18]} O-O {[%clk 1:32:51]} 8. Bg5 {[%clk 1:08:12]} c5 {[%clk 1:32:50]}
9. dxc5 {[%clk 0:59:27]} Nxc5 {[%clk 1:33:05]} 10. Nxc5 {[%clk 0:59:12]} Qa5+
{[%clk 1:33:20]} 11. Bd2 {[%clk 0:54:32]} Qxc5 {[%clk 1:33:36]} 12. O-O-O
{[%clk 0:53:21]} Nd5 {[%clk 0:54:38]} 13. Kb1 {[%clk 0:48:15]} b5
{[%clk 0:44:42]} 14. h4 {[%clk 0:25:58]} Rb8 {[%clk 0:34:02]} 15. Ng5
{[%clk 0:22:09]} h6 {[%clk 0:34:18]} 16. Ne4 {[%clk 0:18:37]} Qc7
{[%clk 0:31:59]} 17. Nc3 {[%clk 0:18:20]} Nf4 {[%clk 0:25:12]} 18. Bxf4
{[%clk 0:12:57]} Qxf4 {[%clk 0:25:36]} 19. g3 {[%clk 0:12:35]} Qb4
{[%clk 0:23:37]} 20. Rhe1 {[%clk 0:10:04]} Bb7 {[%clk 0:20:59]} 21. Nxb5
{[%clk 0:06:55]} Bc6 {[%clk 0:14:02]} 22. c3 {[%clk 0:05:23]} Qc5
{[%clk 0:10:00]} 23. Nd4 {[%clk 0:05:34]} Bf6 {[%clk 0:03:24]} 24. Nb3
{[%clk 0:05:26]} Qb6 {[%clk 0:03:00]} 25. Qe3 {[%clk 0:05:03]} Qc7
{[%clk 0:01:48]} 26. Rd2 {[%clk 0:03:58]} Bd5 {[%clk 0:01:23]} 27. Bc2
{[%clk 0:03:38]} Rfd8 {[%clk 0:01:22]} 28. Ka1 {[%clk 0:02:26]} a5
{[%clk 0:00:36]} 29. Nd4 {[%clk 0:01:48]} Qb6 {[%clk 0:00:42]} 30. Bb1
{[%clk 0:01:47]} Bc4 {[%clk 0:00:37]} 31. f4 {[%clk 0:01:33]} a4 {[%clk 0:00:43]}
32. a3 {[%clk 0:01:44]} Kf8 {[%clk 0:00:36]} 33. h5 {[%clk 0:01:29]} Be7 34. Qe4
{[%clk 0:01:10]} Bd5 {[%clk 0:00:35]} 35. Qh7 {[%clk 0:01:00]} Bf6
{[%clk 0:00:40]} 36. Nf5 {[%clk 0:00:41]} Ke8 {[%clk 0:00:42]} 37. Qg8+
{[%clk 0:00:47]} Kd7 {[%clk 0:01:04]} 38. Qxf7+ {[%clk 0:01:06]} Kc8
{[%clk 0:01:40]} 39. Ne7+ {[%clk 0:01:00]} Bxe7 40. Qxe7 {[%clk 0:31:26]} Rd7
{[%clk 0:31:50]} 41. Qb4 {[%clk 0:28:32]} Qc6 {[%clk 0:29:52]} 42. Qd4
{[%clk 0:27:41]} Qb5 {[%clk 0:27:40]} 43. Ba2 {[%clk 0:22:50]} 1-0

[Event "WYCC Open U14"]
[Site "Porto Carras"]
[Date "2015.10.31"]
[Round "6.1"]
[White "Lobanov, Sergei"]
[Black "Shevchenko, Kirill"]
[Result "1-0"]
[BlackElo "2359"]
[WhiteElo "2394"]
[LiveChessVersion "1.4.6"]

1. e4 {[%clk 1:30:58]} c5 {[%clk 1:30:53]} 2. Nf3 {[%clk 1:31:22]} d6
{[%clk 1:31:16]} 3. d4 {[%clk 1:31:42]} cxd4 {[%clk 1:31:39]} 4. Nxd4
{[%clk 1:32:09]} Nf6 {[%clk 1:31:59]} 5. Nc3 {[%clk 1:32:34]} a6 {[%clk 1:32:21]}
6. Bg5 {[%clk 1:32:28]} e6 {[%clk 1:31:53]} 7. f4 {[%clk 1:32:52]} h6
{[%clk 1:32:00]} 8. Bh4 {[%clk 1:33:16]} Be7 {[%clk 1:32:09]} 9. Qf3
{[%clk 1:33:07]} Qc7 {[%clk 1:32:27]} 10. O-O-O {[%clk 1:33:18]} Nbd7
{[%clk 1:32:51]} 11. Be2 {[%clk 1:33:09]} O-O {[%clk 1:31:35]} 12. g4
{[%clk 1:33:36]} b5 {[%clk 1:30:40]} 13. g5 {[%clk 1:33:50]} hxg5
{[%clk 1:31:04]} 14. Bxg5 {[%clk 1:34:16]} b4 {[%clk 1:29:43]} 15. Nd5
{[%clk 1:34:41]} exd5 {[%clk 1:28:59]} 16. Nf5 {[%clk 1:35:02]} Nc5
{[%clk 1:28:17]} 17. Nxe7+ Qxe7 {[%clk 1:28:46]} 18. e5 {[%clk 1:35:30]} dxe5
{[%clk 1:26:18]} 19. fxe5 {[%clk 1:35:52]} Bg4 {[%clk 1:25:52]} 20. Qf4
{[%clk 1:20:04]} Ne6 {[%clk 1:03:43]} 21. Qxg4 {[%clk 1:19:15]} Nxg4
{[%clk 1:01:05]} 22. Bxe7 {[%clk 1:19:41]} Nf2 {[%clk 1:01:25]} 23. Bxb4
{[%clk 1:06:49]} Rfd8 {[%clk 0:56:50]} 24. Bf3 {[%clk 1:03:25]} Nxh1
{[%clk 0:44:32]} 25. Bxh1 {[%clk 1:03:41]} Nf4 {[%clk 0:44:53]} 26. Bf3
{[%clk 0:57:03]} Rac8 {[%clk 0:35:34]} 27. b3 {[%clk 0:51:23]} d4
{[%clk 0:28:31]} 28. Bg4 {[%clk 0:37:19]} Ne6 {[%clk 0:23:37]} 29. Kb2
{[%clk 0:34:36]} Rd7 {[%clk 0:13:41]} 30. Bd6 {[%clk 0:34:24]} Rc3
{[%clk 0:10:42]} 31. Bxe6 {[%clk 0:31:56]} fxe6 {[%clk 0:11:10]} 32. Rxd4
{[%clk 0:32:20]} Rh3 {[%clk 0:11:14]} 33. Rd2 {[%clk 0:32:03]} g5
{[%clk 0:07:26]} 34. Rg2 {[%clk 0:31:43]} Rdh7 {[%clk 0:07:40]} 35. Rxg5+
{[%clk 0:23:57]} Rg7 {[%clk 0:08:09]} 36. Rxg7+ {[%clk 0:24:21]} Kxg7
{[%clk 0:08:37]} 37. a4 {[%clk 0:24:45]} Kf7 {[%clk 0:08:37]} 38. Ka3
{[%clk 0:09:18]} Rxh2 {[%clk 0:06:57]} 39. Kb4 {[%clk 0:05:03]} Rxc2
{[%clk 0:06:35]} 40. Ka5 {[%clk 0:35:29]} Rc6 {[%clk 0:36:21]} 41. b4
{[%clk 0:35:54]} Ke8 {[%clk 0:33:07]} 42. Bc5 {[%clk 0:36:05]} Kd7
{[%clk 0:18:36]} 43. Bb6 {[%clk 0:36:29]} Rc4 {[%clk 0:18:58]} 44. Bc5
{[%clk 0:36:49]} Rc1 {[%clk 0:18:51]} 45. Kxa6 {[%clk 0:37:11]} Ra1
{[%clk 0:19:11]} 46. Kb5 {[%clk 0:21:58]} Kc7 {[%clk 0:19:28]} 47. a5
{[%clk 0:22:17]} Kb7 {[%clk 0:19:42]} 48. Bd4 {[%clk 0:22:32]} Ra2
{[%clk 0:10:54]} 49. Bc3 {[%clk 0:22:19]} Rc2 {[%clk 0:06:06]} 50. a6+
{[%clk 0:22:41]} Kc7 {[%clk 0:06:24]} 51. Bd4 {[%clk 0:23:06]} Rc1
{[%clk 0:06:31]} 52. Bb6+ {[%clk 0:23:24]} Kc8 {[%clk 0:06:26]} 53. Bc5
{[%clk 0:23:43]} Kb8 {[%clk 0:05:59]} 54. Kc6 {[%clk 0:23:24]} Ra1
{[%clk 0:05:15]} 55. b5 {[%clk 0:23:36]} Ra5 {[%clk 0:05:30]} 56. Bb4
{[%clk 0:21:34]} Ra1 {[%clk 0:05:17]} 57. Bd6+ {[%clk 0:21:36]} Ka8
{[%clk 0:05:31]} 58. Bc5 {[%clk 0:20:10]} Ra5 {[%clk 0:05:43]} 59. Be7
{[%clk 0:16:34]} Ka7 {[%clk 0:04:25]} 60. Bb4 {[%clk 0:13:36]} Ra4
{[%clk 0:04:04]} 61. Bc5+ {[%clk 0:14:00]} Ka8 {[%clk 0:04:26]} 62. Bf8
{[%clk 0:07:45]} Ra1 {[%clk 0:03:29]} 63. b6 {[%clk 0:07:57]} Rc1+
{[%clk 0:01:33]} 64. Kd7 {[%clk 0:08:10]} Rb1 {[%clk 0:01:18]} 65. b7+
{[%clk 0:08:29]} Ka7 {[%clk 0:01:43]} 66. Bd6 {[%clk 0:08:55]} 1-0

[Event "WYCC Open U14"]
[Site "Porto Carras"]
[Date "2015.10.31"]
[Round "6.2"]
[White "Vokhidov, Shamsiddin"]
[Black "Checa, Nicolas D"]
[Result "1-0"]
[BlackElo "2437"]
[WhiteElo "2336"]
[LiveChessVersion "1.4.6"]

1. e4 {[%clk 1:30:59]} e6 {[%clk 1:30:51]} 2. d4 {[%clk 1:31:25]} d5
{[%clk 1:31:17]} 3. Nd2 {[%clk 1:31:46]} c5 {[%clk 1:31:26]} 4. Ngf3
{[%clk 1:32:00]} cxd4 {[%clk 1:31:39]} 5. Nxd4 {[%clk 1:32:17]} Nf6
{[%clk 1:31:09]} 6. exd5 {[%clk 1:32:28]} Qxd5 {[%clk 1:29:52]} 7. Nb5
{[%clk 1:32:11]} Na6 {[%clk 1:30:11]} 8. Nc3 {[%clk 1:32:29]} Qd6
{[%clk 1:28:34]} 9. Qf3 {[%clk 1:32:34]} Nb4 {[%clk 1:25:29]} 10. Bb5+
{[%clk 1:32:57]} Bd7 {[%clk 1:19:04]} 11. O-O {[%clk 1:31:51]} Nxc2
{[%clk 1:01:01]} 12. Nde4 {[%clk 1:32:17]} Nxe4 {[%clk 0:55:28]} 13. Bf4
{[%clk 1:28:37]} Nxc3 {[%clk 0:45:49]} 14. Bxd6 {[%clk 1:28:55]} Nxb5
{[%clk 0:46:16]} 15. Qxb7 {[%clk 1:23:01]} Rc8 {[%clk 0:42:11]} 16. Bxf8
{[%clk 1:23:25]} Rxf8 {[%clk 0:29:03]} 17. Rac1 {[%clk 1:22:10]} Ke7
{[%clk 0:25:48]} 18. Rfd1 {[%clk 1:22:01]} Ncd4 {[%clk 0:24:50]} 19. Qe4
{[%clk 1:13:33]} Bc6 {[%clk 0:16:03]} 20. Qh4+ {[%clk 1:10:41]} g5
{[%clk 0:13:39]} 21. Qxg5+ {[%clk 1:10:59]} Ke8 {[%clk 0:11:29]} 22. Qe5
{[%clk 1:06:11]} f6 {[%clk 0:11:35]} 23. Qh5+ {[%clk 1:06:31]} Ke7
{[%clk 0:10:45]} 24. Rxd4 {[%clk 1:05:17]} Bf3 {[%clk 0:10:34]} 25. Qxh7+
{[%clk 1:05:17]} Rf7 {[%clk 0:11:01]} 26. Rd7+ {[%clk 1:05:43]} 1-0